Missing Word: US Citizenship Test Quiz Stats

 Plays Quiz Updated Oct 5, 2019

Score 0/20 Timer 04:00
0 Plays Today
Hint Answer % Correct
The _____ Ocean is on the east coast of the USAtlantic
99.6%
One of two major political parties is the _____Democratic
97.8%
Martin Luther _____ is the most famous civil rights leaderKing
97.3%
The first ten amendments to the Constitution are called the _____ of RightsBill
97.1%
The US flag has _____ stars representing each stateFifty
96.9%
_____ was the first African-American elected PresidentObama
94.9%
_____ Rico is one of US overseas territoriesPuerto
93.6%
The first President of the US was George _____Washington
92.8%
There are _____ Justices in the US Supreme CourtNine
92.7%
There are one _____ members in the US SenateHundred
91.4%
Hint Answer % Correct
The laws of the US are made by _____Congress
90.7%
The US flag has _____ stripes representing original coloniesThirteen
90.6%
The three coequal branches of Government are the Executive, _____ and LegislativeJudicial
90.4%
The _____ age in the US is eighteenVoting
88.3%
Number of _____ in the House is based on population of each stateRepresentatives
87%
The US bought the _____ Territory from France in 1803Louisiana
86.7%
After the Vice President, next in line to serve as President is the _____ of the HouseSpeaker
85.8%
In 1990, the United States fought in the _____ WarGulf
84.5%
President Lincoln issued the _____ Proclamation in 1863Emancipation
84.1%
The longest river in the US is the _____Missouri
77.4%

Today's Daily Dose

You're not logged in!

Compare scores with friends on all Sporcle quizzes.
OR
Log In

Sporcle TV

Today on Sporcle TV


Watch our educational content, quiz creation guides, and fun videos on Sporcle TV.

Show Comments

Extras

Top Quizzes Today


Score Distribution

Your Account Isn't Verified!

In order to create a playlist on Sporcle, you need to verify the email address you used during registration. Go to your Sporcle Settings to finish the process.

Report this User

Report this user for behavior that violates our Community Guidelines.

Details: